<?xml version="1.0" encoding="UTF-8"?>
<record
    xmlns:xsi="http://www.w3.org/2001/XMLSchema-instance"
    xsi:schemaLocation="http://www.loc.gov/MARC21/slim http://www.loc.gov/standards/marcxml/schema/MARC21slim.xsd"
    xmlns="http://www.loc.gov/MARC21/slim">

  <leader>04698nam a22004691  4500</leader>
  <controlfield tag="005">20050808122104.0</controlfield>
  <controlfield tag="008">721219s1962    nyu    |      00| 0 eng  </controlfield>
  <datafield tag="010" ind1=" " ind2=" ">
    <subfield code="a">ENG-93554         B-340406-421</subfield>
  </datafield>
  <datafield tag="020" ind1=" " ind2=" ">
    <subfield code="a">9788177081978</subfield>
    <subfield code="c">585.00</subfield>
  </datafield>
  <datafield tag="035" ind1=" " ind2=" ">
    <subfield code="a">EN-77087</subfield>
  </datafield>
  <datafield tag="035" ind1=" " ind2=" ">
    <subfield code="a">B-340406-421</subfield>
  </datafield>
  <datafield tag="037" ind1=" " ind2=" ">
    <subfield code="b">DBAD / PUB</subfield>
  </datafield>
  <datafield tag="037" ind1=" " ind2=" ">
    <subfield code="b">New Century Publications</subfield>
  </datafield>
  <datafield tag="040" ind1=" " ind2=" ">
    <subfield code="a">dpl</subfield>
    <subfield code="b">English </subfield>
  </datafield>
  <datafield tag="082" ind1=" " ind2=" ">
    <subfield code="a">331.4</subfield>
  </datafield>
  <datafield tag="245" ind1=" " ind2=" ">
    <subfield code="a">Women, working conditions and efficiency :</subfield>
    <subfield code="c">edited by Veena Gandotra [and] Sarjoo Patel </subfield>
    <subfield code="b">the Indian experience /</subfield>
  </datafield>
  <datafield tag="260" ind1=" " ind2=" ">
    <subfield code="a">New Delhi</subfield>
    <subfield code="b">New Century Publications</subfield>
    <subfield code="c">2009</subfield>
  </datafield>
  <datafield tag="270" ind1=" " ind2=" ">
    <subfield code="a">4800/24, Bharat Ram Road,  Ansari Road, Daryaganj</subfield>
    <subfield code="b">New Delhi</subfield>
    <subfield code="e">110002</subfield>
    <subfield code="k">011-23247798, 4358 7398, 6539 6605</subfield>
    <subfield code="k">43587398</subfield>
    <subfield code="m">indiatax@vsnl.com</subfield>
    <subfield code="l">011-4101 7798</subfield>
  </datafield>
  <datafield tag="300" ind1=" " ind2=" ">
    <subfield code="a">xii, 216p.</subfield>
    <subfield code="c">23cm.(Hb) </subfield>
  </datafield>
  <datafield tag="500" ind1=" " ind2=" ">
    <subfield code="a">includes index</subfield>
  </datafield>
  <datafield tag="700" ind1=" " ind2=" ">
    <subfield code="a">Gandotra, Veena </subfield>
  </datafield>
  <datafield tag="700" ind1=" " ind2=" ">
    <subfield code="a">Patel, Sarjoo</subfield>
  </datafield>
  <datafield tag="942" ind1=" " ind2=" ">
    <subfield code="2">ddc</subfield>
    <subfield code="c">EN</subfield>
    <subfield code="h">331.4</subfield>
    <subfield code="m">WOM</subfield>
  </datafield>
  <datafield tag="999" ind1=" " ind2=" ">
    <subfield code="c">24505</subfield>
    <subfield code="d">24505</subfield>
  </datafield>
  <datafield tag="952" ind1=" " ind2=" ">
    <subfield code="0">0</subfield>
    <subfield code="1">0</subfield>
    <subfield code="2">ddc</subfield>
    <subfield code="4">0</subfield>
    <subfield code="7">1</subfield>
    <subfield code="8">NFIC</subfield>
    <subfield code="a">DBAD</subfield>
    <subfield code="b">DBAD</subfield>
    <subfield code="d">2009-05-16</subfield>
    <subfield code="e">DBAD /  PUB</subfield>
    <subfield code="g">585.00</subfield>
    <subfield code="l">0</subfield>
    <subfield code="o">331.4 WOM</subfield>
    <subfield code="p">EN-77087</subfield>
    <subfield code="r">2009-05-16 00:00:00</subfield>
    <subfield code="t">1</subfield>
    <subfield code="v">585.00</subfield>
    <subfield code="w">2009-05-16</subfield>
    <subfield code="y">EN</subfield>
  </datafield>
  <datafield tag="952" ind1=" " ind2=" ">
    <subfield code="0">0</subfield>
    <subfield code="1">0</subfield>
    <subfield code="2">ddc</subfield>
    <subfield code="4">0</subfield>
    <subfield code="7">0</subfield>
    <subfield code="8">NFIC</subfield>
    <subfield code="a">L</subfield>
    <subfield code="b">L</subfield>
    <subfield code="d">2009-07-21</subfield>
    <subfield code="e">New Century Publications /7675/8.6.09/48/5.6.09/17.6.09</subfield>
    <subfield code="g">585.00</subfield>
    <subfield code="l">1</subfield>
    <subfield code="o">331.4 WOM</subfield>
    <subfield code="p">B-340406</subfield>
    <subfield code="r">2017-04-12 00:00:00</subfield>
    <subfield code="s">2017-03-29</subfield>
    <subfield code="t">1</subfield>
    <subfield code="v">585.00</subfield>
    <subfield code="w">2009-07-21</subfield>
    <subfield code="y">EN</subfield>
  </datafield>
  <datafield tag="952" ind1=" " ind2=" ">
    <subfield code="0">0</subfield>
    <subfield code="1">0</subfield>
    <subfield code="2">ddc</subfield>
    <subfield code="4">0</subfield>
    <subfield code="7">0</subfield>
    <subfield code="8">NFIC</subfield>
    <subfield code="a">M</subfield>
    <subfield code="b">M</subfield>
    <subfield code="d">2009-07-21</subfield>
    <subfield code="e">New Century Publications /7675/8.6.09/48/5.6.09/17.6.09</subfield>
    <subfield code="g">585.00</subfield>
    <subfield code="l">0</subfield>
    <subfield code="o">331.4 WOM</subfield>
    <subfield code="p">B-340407</subfield>
    <subfield code="r">2009-07-21 00:00:00</subfield>
    <subfield code="t">2</subfield>
    <subfield code="v">585.00</subfield>
    <subfield code="w">2009-07-21</subfield>
    <subfield code="y">EN</subfield>
  </datafield>
  <datafield tag="952" ind1=" " ind2=" ">
    <subfield code="0">0</subfield>
    <subfield code="1">0</subfield>
    <subfield code="2">ddc</subfield>
    <subfield code="4">0</subfield>
    <subfield code="7">0</subfield>
    <subfield code="8">NFIC</subfield>
    <subfield code="a">M</subfield>
    <subfield code="b">M</subfield>
    <subfield code="d">2009-07-21</subfield>
    <subfield code="e">New Century Publications /7675/8.6.09/48/5.6.09/17.6.09</subfield>
    <subfield code="g">585.00</subfield>
    <subfield code="l">0</subfield>
    <subfield code="o">331.4 WOM</subfield>
    <subfield code="p">B-340408</subfield>
    <subfield code="r">2009-07-21 00:00:00</subfield>
    <subfield code="t">2</subfield>
    <subfield code="v">585.00</subfield>
    <subfield code="w">2009-07-21</subfield>
    <subfield code="y">EN</subfield>
  </datafield>
  <datafield tag="952" ind1=" " ind2=" ">
    <subfield code="0">0</subfield>
    <subfield code="1">0</subfield>
    <subfield code="2">ddc</subfield>
    <subfield code="4">0</subfield>
    <subfield code="7">0</subfield>
    <subfield code="8">NFIC</subfield>
    <subfield code="a">NPL</subfield>
    <subfield code="b">NPL</subfield>
    <subfield code="d">2009-07-21</subfield>
    <subfield code="e">New Century Publications /7675/8.6.09/48/5.6.09/17.6.09</subfield>
    <subfield code="g">585.00</subfield>
    <subfield code="l">0</subfield>
    <subfield code="o">331.4 WOM</subfield>
    <subfield code="p">B-340409</subfield>
    <subfield code="r">2009-07-21 00:00:00</subfield>
    <subfield code="t">1</subfield>
    <subfield code="v">585.00</subfield>
    <subfield code="w">2009-07-21</subfield>
    <subfield code="y">EN</subfield>
  </datafield>
  <datafield tag="952" ind1=" " ind2=" ">
    <subfield code="0">0</subfield>
    <subfield code="1">0</subfield>
    <subfield code="2">ddc</subfield>
    <subfield code="4">0</subfield>
    <subfield code="7">0</subfield>
    <subfield code="8">NFIC</subfield>
    <subfield code="a">BL1</subfield>
    <subfield code="b">BL1</subfield>
    <subfield code="d">2009-07-21</subfield>
    <subfield code="e">New Century Publications /7675/8.6.09/48/5.6.09/17.6.09</subfield>
    <subfield code="g">585.00</subfield>
    <subfield code="l">0</subfield>
    <subfield code="o">331.4 WOM</subfield>
    <subfield code="p">B-340410</subfield>
    <subfield code="r">2009-07-21 00:00:00</subfield>
    <subfield code="t">1</subfield>
    <subfield code="v">585.00</subfield>
    <subfield code="w">2009-07-21</subfield>
    <subfield code="y">EN</subfield>
  </datafield>
  <datafield tag="952" ind1=" " ind2=" ">
    <subfield code="0">0</subfield>
    <subfield code="1">0</subfield>
    <subfield code="2">ddc</subfield>
    <subfield code="4">0</subfield>
    <subfield code="7">0</subfield>
    <subfield code="8">NFIC</subfield>
    <subfield code="a">DIZ</subfield>
    <subfield code="b">DIZ</subfield>
    <subfield code="d">2009-07-21</subfield>
    <subfield code="e">New Century Publications /7675/8.6.09/48/5.6.09/17.6.09</subfield>
    <subfield code="g">585.00</subfield>
    <subfield code="l">0</subfield>
    <subfield code="o">331.4 WOM</subfield>
    <subfield code="p">B-340411</subfield>
    <subfield code="r">2009-07-21 00:00:00</subfield>
    <subfield code="t">1</subfield>
    <subfield code="v">585.00</subfield>
    <subfield code="w">2009-07-21</subfield>
    <subfield code="y">EN</subfield>
  </datafield>
  <datafield tag="952" ind1=" " ind2=" ">
    <subfield code="0">0</subfield>
    <subfield code="1">0</subfield>
    <subfield code="2">ddc</subfield>
    <subfield code="4">0</subfield>
    <subfield code="7">0</subfield>
    <subfield code="8">NFIC</subfield>
    <subfield code="a">NRN</subfield>
    <subfield code="b">NRN</subfield>
    <subfield code="d">2009-07-21</subfield>
    <subfield code="e">New Century Publications /7675/8.6.09/48/5.6.09/17.6.09</subfield>
    <subfield code="g">585.00</subfield>
    <subfield code="l">0</subfield>
    <subfield code="o">331.4 WOM</subfield>
    <subfield code="p">B-340412</subfield>
    <subfield code="r">2009-07-21 00:00:00</subfield>
    <subfield code="t">1</subfield>
    <subfield code="v">585.00</subfield>
    <subfield code="w">2009-07-21</subfield>
    <subfield code="y">EN</subfield>
  </datafield>
  <datafield tag="952" ind1=" " ind2=" ">
    <subfield code="0">0</subfield>
    <subfield code="1">0</subfield>
    <subfield code="2">ddc</subfield>
    <subfield code="4">0</subfield>
    <subfield code="7">0</subfield>
    <subfield code="8">NFIC</subfield>
    <subfield code="a">ZLS</subfield>
    <subfield code="b">ZLS</subfield>
    <subfield code="d">2009-07-21</subfield>
    <subfield code="e">New Century Publications /7675/8.6.09/48/5.6.09/17.6.09</subfield>
    <subfield code="g">585.00</subfield>
    <subfield code="l">1</subfield>
    <subfield code="o">331.4 WOM</subfield>
    <subfield code="p">B-340413</subfield>
    <subfield code="r">2017-09-21 00:00:00</subfield>
    <subfield code="s">2017-09-06</subfield>
    <subfield code="t">1</subfield>
    <subfield code="v">585.00</subfield>
    <subfield code="w">2009-07-21</subfield>
    <subfield code="y">EN</subfield>
  </datafield>
  <datafield tag="952" ind1=" " ind2=" ">
    <subfield code="0">0</subfield>
    <subfield code="1">0</subfield>
    <subfield code="2">ddc</subfield>
    <subfield code="4">0</subfield>
    <subfield code="7">0</subfield>
    <subfield code="8">NFIC</subfield>
    <subfield code="a">RKP</subfield>
    <subfield code="b">RKP</subfield>
    <subfield code="d">2009-07-21</subfield>
    <subfield code="e">New Century Publications /7675/8.6.09/48/5.6.09/17.6.09</subfield>
    <subfield code="g">585.00</subfield>
    <subfield code="l">0</subfield>
    <subfield code="o">331.4 WOM</subfield>
    <subfield code="p">B-340414</subfield>
    <subfield code="r">2009-07-21 00:00:00</subfield>
    <subfield code="t">1</subfield>
    <subfield code="v">585.00</subfield>
    <subfield code="w">2009-07-21</subfield>
    <subfield code="y">EN</subfield>
  </datafield>
  <datafield tag="952" ind1=" " ind2=" ">
    <subfield code="0">0</subfield>
    <subfield code="1">0</subfield>
    <subfield code="2">ddc</subfield>
    <subfield code="4">0</subfield>
    <subfield code="7">0</subfield>
    <subfield code="8">NFIC</subfield>
    <subfield code="a">AG</subfield>
    <subfield code="b">AG</subfield>
    <subfield code="d">2009-07-21</subfield>
    <subfield code="e">New Century Publications /7675/8.6.09/48/5.6.09/17.6.09</subfield>
    <subfield code="g">585.00</subfield>
    <subfield code="l">0</subfield>
    <subfield code="o">331.4 WOM</subfield>
    <subfield code="p">B-340415</subfield>
    <subfield code="r">2009-07-21 00:00:00</subfield>
    <subfield code="t">1</subfield>
    <subfield code="v">585.00</subfield>
    <subfield code="w">2009-07-21</subfield>
    <subfield code="y">EN</subfield>
  </datafield>
  <datafield tag="952" ind1=" " ind2=" ">
    <subfield code="0">0</subfield>
    <subfield code="1">5</subfield>
    <subfield code="2">ddc</subfield>
    <subfield code="4">0</subfield>
    <subfield code="7">0</subfield>
    <subfield code="8">NFIC</subfield>
    <subfield code="a">SP</subfield>
    <subfield code="b">SP</subfield>
    <subfield code="d">2009-07-21</subfield>
    <subfield code="e">New Century Publications /7675/8.6.09/48/5.6.09/17.6.09</subfield>
    <subfield code="g">585.00</subfield>
    <subfield code="l">0</subfield>
    <subfield code="o">331.4 WOM</subfield>
    <subfield code="p">B-340416</subfield>
    <subfield code="r">2009-07-21 00:00:00</subfield>
    <subfield code="t">1</subfield>
    <subfield code="v">585.00</subfield>
    <subfield code="y">EN</subfield>
  </datafield>
  <datafield tag="952" ind1=" " ind2=" ">
    <subfield code="0">0</subfield>
    <subfield code="1">0</subfield>
    <subfield code="2">ddc</subfield>
    <subfield code="4">0</subfield>
    <subfield code="7">0</subfield>
    <subfield code="8">NFIC</subfield>
    <subfield code="a">QRP</subfield>
    <subfield code="b">QRP</subfield>
    <subfield code="d">2009-07-21</subfield>
    <subfield code="e">New Century Publications /7675/8.6.09/48/5.6.09/17.6.09</subfield>
    <subfield code="g">585.00</subfield>
    <subfield code="l">0</subfield>
    <subfield code="o">331.4 WOM</subfield>
    <subfield code="p">B-340417</subfield>
    <subfield code="r">2009-07-21 00:00:00</subfield>
    <subfield code="t">1</subfield>
    <subfield code="v">585.00</subfield>
    <subfield code="w">2009-07-21</subfield>
    <subfield code="y">EN</subfield>
  </datafield>
  <datafield tag="952" ind1=" " ind2=" ">
    <subfield code="0">0</subfield>
    <subfield code="1">0</subfield>
    <subfield code="2">ddc</subfield>
    <subfield code="4">0</subfield>
    <subfield code="7">0</subfield>
    <subfield code="8">NFIC</subfield>
    <subfield code="a">BL3</subfield>
    <subfield code="b">BL3</subfield>
    <subfield code="d">2009-07-21</subfield>
    <subfield code="e">New Century Publications /7675/8.6.09/48/5.6.09/17.6.09</subfield>
    <subfield code="g">585.00</subfield>
    <subfield code="l">0</subfield>
    <subfield code="o">331.4 WOM</subfield>
    <subfield code="p">B-340418</subfield>
    <subfield code="r">2009-07-21 00:00:00</subfield>
    <subfield code="t">1</subfield>
    <subfield code="v">585.00</subfield>
    <subfield code="w">2009-07-21</subfield>
    <subfield code="y">EN</subfield>
  </datafield>
  <datafield tag="952" ind1=" " ind2=" ">
    <subfield code="0">0</subfield>
    <subfield code="1">0</subfield>
    <subfield code="2">ddc</subfield>
    <subfield code="4">0</subfield>
    <subfield code="7">0</subfield>
    <subfield code="8">NFIC</subfield>
    <subfield code="a">NR</subfield>
    <subfield code="b">NR</subfield>
    <subfield code="d">2009-07-21</subfield>
    <subfield code="e">New Century Publications /7675/8.6.09/48/5.6.09/17.6.09</subfield>
    <subfield code="g">585.00</subfield>
    <subfield code="l">0</subfield>
    <subfield code="o">331.4 WOM</subfield>
    <subfield code="p">B-340419</subfield>
    <subfield code="r">2009-07-21 00:00:00</subfield>
    <subfield code="t">1</subfield>
    <subfield code="v">585.00</subfield>
    <subfield code="w">2009-07-21</subfield>
    <subfield code="y">EN</subfield>
  </datafield>
  <datafield tag="952" ind1=" " ind2=" ">
    <subfield code="0">0</subfield>
    <subfield code="1">0</subfield>
    <subfield code="2">ddc</subfield>
    <subfield code="4">0</subfield>
    <subfield code="7">0</subfield>
    <subfield code="8">NFIC</subfield>
    <subfield code="a">BN</subfield>
    <subfield code="b">BN</subfield>
    <subfield code="d">2009-07-21</subfield>
    <subfield code="e">New Century Publications /7675/8.6.09/48/5.6.09/17.6.09</subfield>
    <subfield code="g">585.00</subfield>
    <subfield code="l">0</subfield>
    <subfield code="o">331.4 WOM</subfield>
    <subfield code="p">B-340420</subfield>
    <subfield code="r">2009-07-21 00:00:00</subfield>
    <subfield code="t">1</subfield>
    <subfield code="v">585.00</subfield>
    <subfield code="w">2009-07-21</subfield>
    <subfield code="y">EN</subfield>
  </datafield>
  <datafield tag="952" ind1=" " ind2=" ">
    <subfield code="0">0</subfield>
    <subfield code="1">0</subfield>
    <subfield code="2">ddc</subfield>
    <subfield code="4">0</subfield>
    <subfield code="7">0</subfield>
    <subfield code="8">NFIC</subfield>
    <subfield code="a">BL4</subfield>
    <subfield code="b">BL4</subfield>
    <subfield code="d">2009-07-21</subfield>
    <subfield code="e">New Century Publications /7675/8.6.09/48/5.6.09/17.6.09</subfield>
    <subfield code="g">585.00</subfield>
    <subfield code="l">0</subfield>
    <subfield code="o">331.4 WOM</subfield>
    <subfield code="p">B-340421</subfield>
    <subfield code="r">2009-07-21 00:00:00</subfield>
    <subfield code="t">1</subfield>
    <subfield code="v">585.00</subfield>
    <subfield code="w">2009-07-21</subfield>
    <subfield code="y">EN</subfield>
  </datafield>
</record>
